| 000 | 00333nam a22001337a 4500 | ||
|---|---|---|---|
| 020 | _a0813824788 | ||
| 082 | _a615.85BEH | ||
| 100 | _aBEHRENS,Rosemeary | ||
| 245 | _aconsulting for saccess | ||
| 260 |
_anew york _bstate universty press _c1994 |
||
| 300 |
_a103 _bill,:cm25.5 |
||
| 500 | _ainclude.bibliograph and index | ||
| 942 | _cBK | ||
| 999 |
_c17704 _d17704 |
||